Modern political theory (Record no. 6121)

MARC details
000 -LEADER
fixed length control field 00482cam a2200205ua 4500
008 - FIXED-LENGTH DATA ELEMENTS--GENERAL INFORMATION
fixed length control field 141118n ii |||gr||||Z||||||eng
020 ## - INTERNATIONAL STANDARD BOOK NUMBER
International Standard Book Number 817381225X
040 ## - CATALOGING SOURCE
Transcribing agency MAIN
041 ## - LANGUAGE CODE
-- eng
082 ## - DEWEY DECIMAL CLASSIFICATION NUMBER
Classification number 320
100 ## - MAIN ENTRY--PERSONAL NAME
Personal name Das, P.G.,
Relator term
245 1# - TITLE STATEMENT
Title Modern political theory
Statement of responsibility, etc. By P.G. Das
250 ## - EDITION STATEMENT
Edition statement 2nd rev.
260 ## - PUBLICATION, DISTRIBUTION, ETC.
Place of publication, distribution, etc. Kolkata:
Name of publisher, distributor, etc. New central book,
Date of publication, distribution, etc. 2011.
300 ## - PHYSICAL DESCRIPTION
Extent 460p.
942 ## - ADDED ENTRY ELEMENTS (KOHA)
Koha item type Books
653 ## - INDEX TERM--UNCONTROLLED
Uncontrolled term Political science
653 ## - INDEX TERM--UNCONTROLLED
Uncontrolled term Political theory
Holdings
Withdrawn status Lost status Damaged status Not for loan Home library Current library Shelving location Date acquired Total Checkouts Full call number Barcode Date last seen Date last checked out Copy number Price effective from Koha item type
        Central Library, Naharkatiya College Central Library, Naharkatiya College General Stacks 19/09/2020 1 320 | DAS 20801 13/12/2024 19/11/2024 1 19/09/2020 Books

Naharkatiya College © 2020. All rights reserved.

Powered By